How banks go abroad (Record no. 76353)
[ view plain ]
| 000 -LEADER | |
|---|---|
| fixed length control field | 01033nam a2200217 a 4500 |
| 008 - FIXED-LENGTH DATA ELEMENTS--GENERAL INFORMATION | |
| fixed length control field | 060906s2006 ||||||||||||||||| || u |
| 050 ## - LIBRARY OF CONGRESS CALL NUMBER | |
| Classification number | IBRD(08)PRWP/3753 |
| 100 ## - MAIN ENTRY--PERSONAL NAME | |
| Personal name | [and others] |
| 245 10 - TITLE STATEMENT | |
| Title | How banks go abroad |
| 246 ## - | |
| -- | branches or subsidiaries? |
| 260 ## - PUBLICATION, DISTRIBUTION, ETC. | |
| Place of publication, distribution, etc. | Washington, D. C |
| Name of publisher, distributor, etc. | World Bank |
| Date of publication, distribution, etc. | 2006 |
| 300 ## - PHYSICAL DESCRIPTION | |
| Extent | 24 pages : illustrations |
| 350 ## - | |
| -- | 0.00 |
| 490 ## - | |
| -- | World Bank policy research working papers |
| 650 #0 - SUBJECT ADDED ENTRY--TOPICAL TERM | |
| Topical term or geographic name entry element | ECONOMICS |
| 650 ## - SUBJECT ADDED ENTRY--TOPICAL TERM | |
| Topical term or geographic name entry element | FOREIGN BANKS--RESEARCH |
| 700 ## - ADDED ENTRY--PERSONAL NAME | |
| Personal name | Cerutti, Eugenio |
| 995 ## - | |
| -- | SPECIAL COLLECTIONS |
| -- | 0.00 |
| -- | IBRD(08)PRWP/3753 |
| -- | CBU-MAIN LIBRARY (Kitwe) |
| -- | 1 |
| -- | 0.00 |
| -- | IBRD(08)PRWP/3753 |
| -- | 1 |
| -- | AVAILABLE |
| -- | Sep 6, 2006 |
| -- | Z03001110 |
| -- | International Publications |
| 995 ## - | |
| -- | SPECIAL COLLECTIONS |
| -- | 0.00 |
| -- | b |
| -- | CBU-MAIN LIBRARY (Kitwe) |
| -- | 1 |
| -- | 0.00 |
| -- | IBRD(08)PRWP/3753 |
| -- | 2 |
| -- | AVAILABLE |
| -- | Sep 21, 2006 |
| -- | Z03001129 |
| -- | International Publications |
| 995 ## - | |
| -- | SPECIAL COLLECTIONS |
| -- | 0.00 |
| -- | 3C |
| -- | CBU-MAIN LIBRARY (Kitwe) |
| -- | 1 |
| -- | 0.00 |
| -- | IBRD(08)PRWP/3753 |
| -- | 1 |
| -- | AVAILABLE |
| -- | Nov 13, 2006 |
| -- | Z03001371 |
| -- | International Publications |
| 999 ## - | |
| -- | 76353 |
| -- | 76353 |
| Withdrawn status | Lost status | Source of classification or shelving scheme | Damaged status | Not for loan | Permanent Location | Current Location | Shelving location | Date acquired | Total Checkouts | Full call number | Barcode | Date last seen | Copy number | Price effective from | Koha item type |
|---|---|---|---|---|---|---|---|---|---|---|---|---|---|---|---|
| CBU-MAIN LIBRARY, KITWE. | CBU-MAIN LIBRARY, KITWE. | 04/25/2023 | IBRD(08)PRWP/3753 | Z03001110 | 04/25/2023 | 1 | 04/25/2023 | SPECIAL COLLECTION | |||||||
| CBU-MAIN LIBRARY, KITWE. | CBU-MAIN LIBRARY, KITWE. | 04/25/2023 | IBRD(08)PRWP/3753 | Z03001129 | 04/25/2023 | 2 | 04/25/2023 | SPECIAL COLLECTION | |||||||
| CBU-MAIN LIBRARY, KITWE. | CBU-MAIN LIBRARY, KITWE. | 04/25/2023 | IBRD(08)PRWP/3753 | Z03001371 | 04/25/2023 | 3 | 04/25/2023 | SPECIAL COLLECTION |